Statistics for Cities Closest to Switzerland

Click here to take the quiz!

General Stats

  • This quiz has been taken 49 times
  • The average score is 14 of 19

Answer Stats

Distance in kmCity% Correct
41Milan
98%
155Munich
98%
465Vienna
93%
373Paris
93%
96Lyon
91%
316Marseille
91%
95Turin
88%
517Rome
88%
115Stuttgart
86%
384Cologne / Düsseldorf
84%
256Frankfurt am Main
81%
419Brussels
81%
454Prague
70%
244Nuremberg
56%
454Toulouse
44%
187Mannheim
40%
452Lille
37%
455Antwerp
33%
515Hannover
33%

Score Distribution

Percentile by Number Answered

Percent of People with Each Score

Your Score History

You have not taken this quiz